Score 0/24 Timer 01:00
106 Plays Today
% Correct
Corn
90.7%
Carrot
90%
Onion
87.1%
Potato
78.4%
Peas
77.4%
Broccoli
74.1%
Radish
70.9%
Ginger
67.7%
Garlic
63.5%
Asparagus
63.5%
Cauliflower
58.8%
Artichoke
57.6%
% Correct
Leek
56.4%
Lettuce
54.5%
Brussels Sprout
53.7%
Turnip
48.3%
Cabbage
46.8%
Beetroot
45%
Celery
40.3%
Spinach
39.3%
Runner Beans
34.6%
Parsnip
32.9%
Fennel
18.7%
Watercress
9.3%
Remove Ads.
Support Sporcle.
Get the best of Sporcle when you Go Orange. This ad-free experience offers more features, more stats, and more fun while also helping to support Sporcle. Thank you for becoming a member.

You're not logged in!

Compare scores with friends on all Sporcle quizzes.
OR
Log In

Show Comments

Extras

Top Quizzes Today


Score Distribution

Your Account Isn't Verified!

In order to create a playlist on Sporcle, you need to verify the email address you used during registration. Go to your Sporcle Settings to finish the process.

Report this User

Report this user for behavior that violates our Community Guidelines.

Details: